[Event "Barcelona Sant Marti op-A 20th"]
[Site "Barcelona"]
[Date "2018.07.14"]
[Round "2"]
[White "Chang, Suzana"]
[Black "Robert, Thibaud"]
[Result "1-0"]
[WhiteElo "2005"]
[BlackElo "1830"]
[PlyCount "43"]
[EventDate "2018.07.13"]
[EventType "swiss"]
[EventRounds "9"]
[EventCountry "ESP"]
[SourceTitle "CBM 185 Extra"]
[Source "ChessBase"]
[SourceDate "2018.07.29"]
[SourceVersion "1"]
[SourceVersionDate "2018.07.29"]
[SourceQuality "1"]

1. e4 e6 2. Qe2 b6 3. Nf3 Bb7 4. g3 Nc6 5. Bg2 e5 6. 0-0 Nf6 7. c3 a5 8. d4 Ba6 9. c4 exd4 10. e5 Ng8 11. Ng5 Nh6 12. Ne4 Nf5 13. Nf6+ gxf6 14. exf6+ Nfe7 15. Bg5 d5 16. Nd2 Qd7 17. fxe7 Nxe7 18. Rfe1 0-0-0 19. Bxe7 Re8 20. Qh5 Rxe7 21. Bh3 Re6 22. cxd5 1-0